00282cam a22001097a 4500008004000000082001400040100002000054245005100074260002500125300001000150650001200160180718b1970 xxu||||| |||| 00| 0 eng d aQ503 C392 aChaturvedi,R.G. aNatural and social justicecBy R.G. Chaturvedi aAllahabadbLawc1970 a666p. aJustice